[Event "GER-ch Seniors 65 31st"]
[Site "Radebeul"]
[Date "2019.04.30"]
[Round "5"]
[White "Juergens, Peter1111"]
[Black "Nowack, Achim"]
[Result "1/2-1/2"]
[WhiteElo "1899"]
[BlackElo "1696"]
[PlyCount "33"]
[EventDate "2019.04.26"]
[EventType "swiss"]
[EventRounds "9"]
[EventCountry "GER"]
[SourceTitle "CBM 190 Extra"]
[Source "ChessBase"]
[SourceDate "2019.07.15"]
[SourceVersion "1"]
[SourceVersionDate "2019.07.15"]
[SourceQuality "1"]

1. d4 c5 2. c3 b6 3. Bf4 Bb7 4. e3 g6 5. Nf3 Bg7 6. Be2 Nf6 7. h3 0-0 8. 0-0 d6 9. a4 Nbd7 10. Bh2 Rc8 11. Nbd2 Ne4 12. Nxe4 Bxe4 13. Nd2 Bb7 14. Bf3 Bxf3 15. Nxf3 Nf6 16. Qe2 Qd7 17. e4 1/2-1/2

[Event "GER-ch Seniors 65 31st"]
[Site "Radebeul"]
[Date "2019.04.26"]
[Round "1"]
[White "Walther, Reinhard"]
[Black "Nowack, Achim"]
[Result "1-0"]
[WhiteElo "2042"]
[BlackElo "1696"]
[PlyCount "66"]
[EventDate "2019.04.26"]
[EventType "swiss"]
[EventRounds "9"]
[EventCountry "GER"]
[SourceTitle "CBM 190 Extra"]
[Source "ChessBase"]
[SourceDate "2019.07.15"]
[SourceVersion "1"]
[SourceVersionDate "2019.07.15"]
[SourceQuality "1"]

1. d4 c5 2. d5 d6 3. e4 e5 4. Nc3 Be7 5. Be2 Bg5 6. Bxg5 Qxg5 7. Nf3 Qe7 8. Qd2 Bd7 9. 0-0 Nh6 10. Ne1 0-0 11. f4 f5 12. fxe5 Qxe5 13. Nf3 Qe7 14. Rae1 Rf6 15. Bd3 Qf8 16. e5 dxe5 17. Nxe5 Be8 18. Nb5 Na6 19. a3 c4 20. Bxc4 Bxb5 21. Nd7 Bxd7 22. d6+ Kh8 23. Re7 Nc5 24. Qd5 Bc6 25. Qxc5 Be4 26. Be6 Bc6 27. Rd1 Rd8 28. b4 Be4 29. Qc7 Rxe6 30. Rxe6 Rc8 31. Qe7 Qxe7 32. dxe7 Rxc2 33. e8Q+ Ng8 1-0

[Event "Schleswig Holstein-ch Seniors"]
[Site "Leck"]
[Date "2014.04.14"]
[Round "4"]
[White "Nowack, Achim"]
[Black "Petersen, Kay"]
[Result "1/2-1/2"]
[WhiteElo "1836"]
[BlackElo "1396"]
[PlyCount "51"]
[EventDate "2014.04.12"]
[EventType "swiss"]
[EventRounds "9"]
[EventCountry "GER"]
[SourceTitle "EXT 2018"]
[Source "ChessBase"]
[SourceDate "2017.10.13"]
[SourceVersion "1"]
[SourceVersionDate "2017.10.13"]
[SourceQuality "1"]

1. e4 d5 2. exd5 Qxd5 3. Nf3 Bg4 4. Be2 Nc6 5. 0-0 e5 6. Nc3 Qd7 7. d3 Bd6 8. Ne4 f6 9. Be3 Nge7 10. Ne1 Bxe2 11. Qxe2 Nf5 12. Qh5+ Ke7 13. Nc5 Bxc5 14. Bxc5+ Nd6 15. f4 b6 16. Ba3 Rae8 17. fxe5 Nxe5 18. Nf3 Kd8 19. Nxe5 Rxe5 20. Qf3 c6 21. Bxd6 Qxd6 22. c3 Rhe8 23. Qg3 Qc7 24. d4 Re2 25. Qxc7+ Kxc7 26. Rf2 1/2-1/2

[Event "Schleswig Holstein-ch Seniors"]
[Site "Leck"]
[Date "2014.04.13"]
[Round "2"]
[White "Nowack, Achim"]
[Black "Howe, Dietrich"]
[Result "1-0"]
[WhiteElo "1836"]
[BlackElo "1749"]
[PlyCount "76"]
[EventDate "2014.04.12"]
[EventType "swiss"]
[EventRounds "9"]
[EventCountry "GER"]
[SourceTitle "EXT 2018"]
[Source "ChessBase"]
[SourceDate "2017.10.13"]
[SourceVersion "1"]
[SourceVersionDate "2017.10.13"]
[SourceQuality "1"]

1. e4 c5 2. Nf3 e6 3. d3 Qc7 4. g3 Nc6 5. Bg2 Nf6 6. 0-0 g6 7. Nc3 a6 8. Bg5 Bg7 9. a3 h6 10. Bd2 Rb8 11. Ne2 b6 12. Nf4 Bb7 13. Re1 d6 14. Bc3 0-0 15. Rb1 g5 16. Ne2 Rbd8 17. Qc1 d5 18. exd5 Nxd5 19. Bxg7 Kxg7 20. Nxg5 hxg5 21. Qxg5+ Kh8 22. Qh6+ Kg8 23. c4 Nde7 24. Nf4 Nf5 25. Qg5+ Kh8 26. Be4 Qe7 27. Qh5+ Kg7 28. Bxf5 Rh8 29. Qg4+ Kf8 30. Rxe6 fxe6 31. Ng6+ Ke8 32. Nxe7 Nd4 33. Be4 Bxe4 34. dxe4 Kxe7 35. h4 Rhf8 36. Qg7+ Ke8 37. Qc7 Rg8 38. Kf1 Nf3 1-0

[Event "Rheinland Pfalz op 5th"]
[Site "Worms"]
[Date "2013.06.02"]
[Round "7"]
[White "Roemer, Marcel"]
[Black "Nowack, Achim"]
[Result "1-0"]
[WhiteElo "1552"]
[BlackElo "1834"]
[PlyCount "59"]
[EventDate "2013.05.30"]
[EventType "swiss"]
[EventRounds "7"]
[EventCountry "GER"]
[SourceTitle "EXT 2014"]
[Source "ChessBase"]
[SourceDate "2013.11.20"]
[SourceVersion "1"]
[SourceVersionDate "2013.11.20"]
[SourceQuality "1"]

1. e4 e5 2. Nf3 Nf6 3. Nxe5 d6 4. Nf3 Nxe4 5. d4 d5 6. Bd3 Be7 7. 0-0 0-0 8. Bf4 Bg4 9. Re1 f5 10. h3 Bh5 11. c4 c6 12. Nc3 Bh4 13. g3 Bf6 14. Be2 Bxf3 15. Bxf3 Nxc3 16. bxc3 dxc4 17. Rb1 b5 18. a4 a6 19. axb5 axb5 20. Rxb5 cxb5 21. Bxa8 b4 22. Qa4 bxc3 23. Qxc4+ Kh8 24. Be3 Qc8 25. Qb3 Nc6 26. Bxc6 Qxc6 27. Rc1 Rc8 28. Qc2 g5 29. Qxf5 h6 30. d5 1-0

[Event "Rheinland Pfalz op 5th"]
[Site "Worms"]
[Date "2013.06.01"]
[Round "5"]
[White "Roeder, Andreas"]
[Black "Nowack, Achim"]
[Result "0-1"]
[WhiteElo "1588"]
[BlackElo "1834"]
[PlyCount "66"]
[EventDate "2013.05.30"]
[EventType "swiss"]
[EventRounds "7"]
[EventCountry "GER"]
[SourceTitle "EXT 2014"]
[Source "ChessBase"]
[SourceDate "2013.11.20"]
[SourceVersion "1"]
[SourceVersionDate "2013.11.20"]
[SourceQuality "1"]

1. e4 e5 2. Nf3 Nf6 3. Nxe5 d6 4. Nf3 Nxe4 5. Qe2 Qe7 6. d3 Nf6 7. Bg5 Qxe2+ 8. Bxe2 Be7 9. 0-0 0-0 10. c4 Nc6 11. a3 h6 12. Be3 Ng4 13. Nd4 Nce5 14. Nb5 Nxe3 15. Nxc7 Nc2 16. Nc3 Nxa1 17. Nxa8 Nb3 18. Nc7 Bf5 19. N7d5 Bd8 20. Ne4 Bxe4 21. dxe4 Nd2 22. Rc1 Nxe4 23. b4 b6 24. Ne3 g6 25. f4 Nc6 26. Bf3 f5 27. Rd1 Bc7 28. g3 Ne7 29. Bxe4 fxe4 30. c5 bxc5 31. bxc5 Rd8 32. cxd6 Rxd6 33. Rc1 Bb6 0-1

[Event "Schleswig Holstein-ch cand 63rd"]
[Site "Gross Groenau"]
[Date "2008.03.15"]
[Round "1"]
[White "Rickert, Heiko"]
[Black "Nowack, Achim"]
[Result "0-1"]
[WhiteElo "1842"]
[BlackElo "1744"]
[PlyCount "102"]
[EventDate "2008.03.15"]
[EventType "swiss"]
[EventRounds "9"]
[EventCountry "GER"]
[SourceTitle "EXT 2010"]
[Source "ChessBase"]
[SourceDate "2010.11.25"]
[SourceVersion "1"]
[SourceVersionDate "2010.11.25"]
[SourceQuality "1"]

1. e4 c5 2. Nc3 e6 3. g3 Nc6 4. Bg2 Be7 5. f4 d6 6. Nf3 Nf6 7. d3 0-0 8. 0-0 Bd7 9. h3 a6 10. g4 Qc7 11. f5 Ne5 12. g5 Ne8 13. Nxe5 dxe5 14. f6 gxf6 15. gxf6 Nxf6 16. Bh6 Kh8 17. Bxf8 Rxf8 18. Kh2 Ng8 19. Qe2 Bg5 20. Kh1 Bc6 21. Qh5 Qe7 22. Rf2 Be8 23. Qe2 Nh6 24. Bf3 b5 25. Rg1 b4 26. Nd1 f5 27. exf5 Bf4 28. f6 Qxf6 29. Bg2 Nf5 30. Be4 Qh4 31. Qg4 Qh6 32. Rfg2 Bg6 33. Bxf5 Rxf5 34. Qf3 Rf8 35. Qg4 Rf5 36. Qf3 Qf8 37. Qc6 Qe7 38. Qa8+ Kg7 39. Qxa6 Rh5 40. Nf2 Be3 41. Kh2 Qf7 42. Rf1 Rf5 43. Kg1 Rf3 44. Qc4 Rf4 45. Qb5 Kh6 46. Qb8 Qf5 47. Qg8 e4 48. dxe4 Qxe4 49. Kh2 Qe5 50. Kh1 Be4 51. Nxe4 Rxf1+ 0-1

[Event "Schleswig Holstein-ch B 62nd"]
[Site "Itzehoe"]
[Date "2007.04.02"]
[Round "4"]
[White "Nowack, Achim"]
[Black "Ahrens, Bernd"]
[Result "1/2-1/2"]
[WhiteElo "1713"]
[BlackElo "1698"]
[PlyCount "27"]
[EventDate "2007.03.31"]
[EventType "swiss"]
[EventRounds "9"]
[EventCountry "GER"]
[SourceTitle "EXT 2010"]
[Source "ChessBase"]
[SourceDate "2010.11.25"]
[SourceVersion "1"]
[SourceVersionDate "2010.11.25"]
[SourceQuality "1"]

1. e4 c6 2. Nc3 d5 3. Nf3 d4 4. Ne2 c5 5. d3 Nc6 6. Ng3 e5 7. Be2 Bd6 8. 0-0 Nge7 9. Nh4 0-0 10. Bg4 Ng6 11. Nhf5 Bc7 12. Nh5 Bxf5 13. exf5 Nf4 14. Ng3 1/2-1/2